000 00492nam a2200181Ia 4500
005 20250425162709.0
008 250425s9999 xx 000 0 und d
041 _aeng
082 _a639.543
100 _aTACON, ALBERT G. J.
245 0 _aTHE FOOD AND FEEDING OF FARMED FISH AND SHRIMP AN ANNOTATED SELECTION OF FAO FIELD DOCUMENTS 1973-1991
250 _aS.E
260 _aEstados Unidos
_bFAO
_c1992
260 _aNEW YORK
650 _aCAMARONES
942 _c01
010 _a97315
999 _c234566
_d234566